000
00305nam a22001457a 4500
003
SGT
020
_a
978-89-33257-558-5
082
_a
150
_b
P17A
100
_a
ANASTASI, ANNE
245
_a
PSYCHOLOGICAL TESTING
250
_a
6TH
260
_b
PEARSON PUB
_c
2017
300
_a
628
942
_2
ddc
_c
BK
_0
7
999
_c
17878
_d
17878